00638nam a2200217 a 4500001001300000003000900013005001700022008004100039020002400080082001500104100001800119245005800137260005000195300000900245500003500254505004000289650002800329650002500357650002000382700001800402nice12345678IN_TiNIC20260116014038.0050524s2000 cama grp 000 0 eng  a0521749 c230000a297.5bCOO aCook, Michael aCommanding Right and Forbidding Wrong Islamic Thought aCambridge bCambridge University Press c2000 a702p aincludes index and biblioraphy2 aBibliographical Reference and Index aIslamic-Law Halal Haram aIslam-Moral Theology aIslam-Doctrines1 aCook, Michael